Online
Catalog

Primera exposición de la moneda colonial de la Española : (Record no. 59348)

MARC details
000 -CABECERA
campo de control de longitud fija 01683nam a2200349 i 4500
003 - IDENTIFICADOR DEL NÚMERO DE CONTROL
campo de control DO-SdBNP
005 - FECHA Y HORA DE LA ÚLTIMA TRANSACCIÓN
campo de control 20250620105611.0
007 - CAMPO FIJO DE DESCRIPCIÓN FÍSICA--INFORMACIÓN GENERAL
campo de control de longitud fija ta
008 - DATOS DE LONGITUD FIJA--INFORMACIÓN GENERAL
campo de control de longitud fija 250620s1977 dr ac 000 0 spa d
040 ## - FUENTE DE LA CATALOGACIÓN
Centro catalogador/agencia de origen DO-SdBNP
Lengua de catalogación spa
Centro/agencia transcriptor BNPHU
Normas de descripción rda
082 ## - NÚMERO DE LA CLASIFICACIÓN DECIMAL DEWEY
Número de clasificación xxxx
Número de documento/Ítem M986
Número de edición 22
110 1# - ENTRADA PRINCIPAL--NOMBRE DE ENTIDAD CORPORATIVA
Nombre de entidad corporativa o nombre de jurisdicción como elemento de entrada Museo de las Casas Reales
9 (RLIN) 61998
245 10 - MENCIÓN DE TÍTULO
Título Primera exposición de la moneda colonial de la Española :
Resto del título catálogo /
Mención de responsabilidad, etc. presentación, Pedro J. Santiago C. ; expositores, Isaac Rudman, Pablo Smester Tolentino, Manuel García Arévalo, Eugenio Pérez Montas ; textos, Pedro Julio Santiago, Miguel Estrella ; fotos, Onorio Montas
264 ## - PRODUCCIÓN, PUBLICACIÓN, DISTRIBUCIÓN, FABRICACIÓN Y COPYRIGHT
Producción, publicación, distribución, fabricación y copyright Santo Domingo :
Nombre del de productor, editor, distribuidor, fabricante Museo de las Casas Reales,
Fecha de producción, publicación, distribución, fabricación o copyright 1977.
300 ## - DESCRIPCIÓN FÍSICA
Extensión 45 páginas ;
Otras características físicas ilustraciones, retratos ;
Dimensiones 25 cm.
336 ## - TIPO DE CONTENIDO
Término de tipo de contenido texto
Código de tipo de contenido txt
Fuente rdacontent
337 ## - TIPO DE MEDIO
Nombre/término del tipo de medio sin mediación
Código del tipo de medio n
Fuente rdamedia
338 ## - TIPO DE SOPORTE
Nombre/término del tipo de soporte volumen
Código del tipo de soporte nc
Fuente rdacarrier
490 1# - MENCIÓN DE SERIE
Mención de serie Separata de "Casa Reales"
Designación de volumen o secuencia 2
500 ## - NOTA GENERAL
Nota general Organizada por el Museo de las Casas Reales en ocasión de la inauguración de la Casa de Juan de Villoria, sede del Círculo de Coleccionistas de la Fundación Dominicana de Desarrollo.
590 ## - NOTA LOCAL (RLIN)
Nota local Inventariado, 2025/ YL
700 1# - PUNTO DE ACCESO ADICIONAL--NOMBRE DE PERSONA
Nombre de persona Santiago C., Pedro J.
Término indicativo de función/relación presentación
Código de función/relación pr.
9 (RLIN) 88151
700 1# - PUNTO DE ACCESO ADICIONAL--NOMBRE DE PERSONA
Nombre de persona Rudman, Isaac
Término indicativo de función/relación expositores
Código de función/relación exp.
9 (RLIN) 55839
700 1# - PUNTO DE ACCESO ADICIONAL--NOMBRE DE PERSONA
Nombre de persona Smester Tolentino, Pablo
Término indicativo de función/relación expositores
Código de función/relación exp.
9 (RLIN) 88152
700 1# - PUNTO DE ACCESO ADICIONAL--NOMBRE DE PERSONA
Nombre de persona García Arévalo, Manuel
Término indicativo de función/relación expositores
Código de función/relación exp.
9 (RLIN) 82908
700 1# - PUNTO DE ACCESO ADICIONAL--NOMBRE DE PERSONA
Nombre de persona Pérez Montás, Eugenio
Término indicativo de función/relación expositores
Código de función/relación exp.
9 (RLIN) 13156
700 1# - PUNTO DE ACCESO ADICIONAL--NOMBRE DE PERSONA
Nombre de persona Santiago, Pedro Julio
Término indicativo de función/relación textos
Código de función/relación tex.
9 (RLIN) 44573
700 1# - PUNTO DE ACCESO ADICIONAL--NOMBRE DE PERSONA
Nombre de persona Estrella, Miguel
Término indicativo de función/relación textos
Código de función/relación tex.
9 (RLIN) 55840
700 1# - PUNTO DE ACCESO ADICIONAL--NOMBRE DE PERSONA
Nombre de persona Montas, Onorio
Término indicativo de función/relación fotos
Código de función/relación fot.
9 (RLIN) 59042
910 ## - DATOS DE OPCIÓN DEL USUARIO (OCLC)
Datos de opción del usuario YLockward
942 ## - ELEMENTOS DE PUNTO DE ACCESO ADICIONAL (KOHA)
Fuente del sistema de clasificación o colocación Dewey Decimal Classification
Tipo de ítem Koha Folleto
Holdings
Estado de retiro Estado de pérdida Fuente del sistema de clasificación o colocación Restricciones de uso No para préstamo Código de colección Localización permanente Ubicación/localización actual Ubicación en estantería Fecha de adquisición Fuente de adquisición Total de préstamos Signatura topográfica completa Código de barras Fecha visto por última vez Precio válido a partir de Tipo de ítem Koha
    Dewey Decimal Classification Excluido de préstamo   Patrimonio Dominicano Folletos Biblioteca Nacional Pedro Henríquez Ureña Biblioteca Nacional Pedro Henríquez Ureña En catalogación 03.06.2013 Donación   BNPHU F-PD xxxx M986 2025-5414 20.06.2025 20.06.2025 Folleto

Powered by Koha